Romancero del Cid Ruy Díaz

Saved in:
書目詳細資料
格式: 圖書
語言:西班牙语
出版: Barcelona Ibérica 1919
叢編:<Los >Grandes Autores Poemas
主題:
標簽: 添加標簽
沒有標簽, 成為第一個標記此記錄!

MARC

LEADER 00000nam a2200000 a 4500
001 UCZ0902
003 CL-VaPUC
008 950810e19190000SP |||||||||||||||||spa|d
082 0 4 |a 861  |b ROM  |2 21 
245 1 0 |a Romancero del Cid Ruy Díaz 
300 |a 284 p 
942 |c BK 
945 |d 19950810 00:00:00  |a rbrito 
260 |a Barcelona  |b Ibérica  |c 1919 
650 7 |a POESIAS ESPAÑOLES  |2 CL-VaPUC  |9 344192 
583 |a last modification  |c 19950810 00:00:00  |k Rodrigo Vera 
490 0 |a <Los >Grandes Autores Poemas 
999 |c 237769  |d 237767 
952 |0 0  |1 0  |4 0  |6 861_000000000000000_ROM_1919  |7 0  |8 A  |9 247455  |a BIBEDU  |b BIBEDU  |d 2019-11-18  |i 3105830  |o 861 ROM 1919  |p 3105830  |r 2019-11-18  |w 2019-11-18  |y BK  |k LIT